[Event "GER CM02-A email"]
[Site "GER email"]
[Date "2015.06.25"]
[Round "?"]
[White "Baranowski, Tadeusz"]
[Black "Pecis, Gianfranco"]
[Result "1/2-1/2"]
[WhiteElo "2371"]
[BlackElo "2350"]
[PlyCount "101"]
[EventDate "2015.??.??"]
[EventType "tourn (corr)"]
[EventRounds "11"]
[EventCountry "GER"]
[SourceTitle "Corr 2017"]
[Source "ChessBase"]
[SourceDate "2017.09.19"]
[SourceVersion "1"]
[SourceVersionDate "2017.09.19"]
[SourceQuality "1"]

1. e4 g6 2. d4 Bg7 3. Nf3 d6 4. Bd3 Nf6 5. c3 0-0 6. 0-0 Nc6 7. Re1 e5 8. h3 h6 9. Be3 Nh5 10. Nbd2 Qf6 11. Bb5 Ne7 12. Nh2 a6 13. Bc4 Nf4 14. Ng4 Qg5 15. Bf1 Qh5 16. dxe5 dxe5 17. Qf3 Nc6 18. Bxf4 exf4 19. Qxf4 Bxg4 20. hxg4 Qc5 21. Nb3 Qe7 22. Rad1 Rfd8 23. Be2 Rxd1 24. Rxd1 Rd8 25. Rxd8+ Nxd8 26. g3 Ne6 27. Qd2 b5 28. Qe3 Qd6 29. Kg2 g5 30. Nd2 Nc5 31. f4 Bf8 32. b4 Na4 33. a3 Qe6 34. Bd1 gxf4 35. gxf4 Qa2 36. e5 Qb2 37. Kf3 Nxc3 38. Bb3 Nb1 39. Ne4 Nxa3 40. Nf6+ Kg7 41. Nh5+ Kh8 42. Bxf7 Nc2 43. Qd2 c5 44. bxc5 Nd4+ 45. Ke3 Qa1 46. Kf2 b4 47. c6 Nxc6 48. Qd5 Qb2+ 49. Kg3 Qc3+ 50. Kh2 Qc2+ 51. Kh1 1/2-1/2

[Event "GER CM02-A email"]
[Site "GER email"]
[Date "2015.06.25"]
[Round "?"]
[White "Nordahl, Nils"]
[Black "Pecis, Gianfranco"]
[Result "1/2-1/2"]
[WhiteElo "2358"]
[BlackElo "2350"]
[PlyCount "73"]
[EventDate "2015.??.??"]
[EventType "tourn (corr)"]
[EventRounds "11"]
[EventCountry "GER"]
[SourceTitle "Corr 2017"]
[Source "ChessBase"]
[SourceDate "2017.09.19"]
[SourceVersion "1"]
[SourceVersionDate "2017.09.19"]
[SourceQuality "1"]

1. d4 Nf6 2. c4 g6 3. Nc3 Bg7 4. e4 d6 5. Nf3 0-0 6. Be2 e5 7. 0-0 Nc6 8. d5 Ne7 9. b4 Nh5 10. Re1 f5 11. Ng5 Nf4 12. Bxf4 exf4 13. Rc1 Bf6 14. Ne6 Bxe6 15. dxe6 Bxc3 16. Rxc3 fxe4 17. Bf1 e3 18. fxe3 a5 19. b5 fxe3 20. Rcxe3 c6 21. Qb3 Qb6 22. bxc6 Qxc6 23. g3 Qc5 24. Kh1 Rab8 25. a4 Rf2 26. Bg2 b6 27. Rf3 Rf8 28. Rxf8+ Rxf8 29. Qd3 Kg7 30. Qe4 Qf2 31. Rf1 Qc5 32. Re1 Qf2 33. Rf1 Qc5 34. Rxf8 Kxf8 35. Qa8+ Kg7 36. Qe8 Qg5 37. Qf7+ 1/2-1/2

[Event "GER CM02-A email"]
[Site "GER email"]
[Date "2015.06.25"]
[Round "?"]
[White "Pecis, Gianfranco"]
[Black "Weber, Karlheinz"]
[Result "1/2-1/2"]
[WhiteElo "2350"]
[BlackElo "2355"]
[PlyCount "54"]
[EventDate "2015.??.??"]
[EventType "tourn (corr)"]
[EventRounds "11"]
[EventCountry "GER"]
[SourceTitle "Corr 2017"]
[Source "ChessBase"]
[SourceDate "2017.09.19"]
[SourceVersion "1"]
[SourceVersionDate "2017.09.19"]
[SourceQuality "1"]

1. e4 c5 2. Nf3 d6 3. d4 cxd4 4. Nxd4 Nf6 5. Nc3 a6 6. Bg5 e6 7. f4 Qb6 8. Qd2 Qxb2 9. Rb1 Qa3 10. e5 h6 11. Bh4 dxe5 12. fxe5 g5 13. exf6 gxh4 14. Be2 Qa5 15. 0-0 Nd7 16. Rbd1 h3 17. Qd3 hxg2 18. Rf4 Qc7 19. Qe3 Bc5 20. Rf5 Ba7 21. Bh5 e5 22. Rf2 Nf8 23. Qg3 Be6 24. Ndb5 axb5 25. Nxb5 Qxc2 26. Nd6+ Kd7 27. Nb5+ Ke8 1/2-1/2